000
00340pab a2200145 454500
008
180718b1988 xxu||||| |||| 00| 0 eng d
100
_a
Ponnuswamy, S.
245
_a
Financing rail
_b
Based mass transit
260
_c
1988
300
_a
92-9
362
_a
July-Dec.
650
_a
Railways - India
773
_a
Urban India
909
_a
17669
999
_c
17669
_d
17669